Manual en pareja educando
Պահպանված է:
| Ձևաչափ: | Գիրք |
|---|---|
| Լեզու: | իսպաներեն |
| Հրապարակվել է: |
Santiago
CIDE
1987
|
| Շարք: | Programa Padres e Hijos 0-4 años
|
| Խորագրեր: | |
| Ցուցիչներ: |
Ավելացրեք ցուցիչ
Չկան պիտակներ, Եղեք առաջինը, ով նշում է այս գրառումը!
|
MARC
| LEADER | 00000nam a2200000 a 4500 | ||
|---|---|---|---|
| 001 | UCW4964 | ||
| 003 | CL-VaPUC | ||
| 008 | 901019e19870000CL |||||||||||||||||spa|d | ||
| 082 | 0 | 4 | |a 371.302813 |b MAN |2 21 |
| 245 | 1 | 0 | |a Manual en pareja educando |
| 300 | |a 38 p | ||
| 942 | |c BK | ||
| 945 | |d 19901019 00:00:00 | ||
| 260 | |a Santiago |b CIDE |c 1987 | ||
| 650 | 0 | |a Educación en el hogar |9 307975 | |
| 650 | 0 | |a Educación para la vida familiar |9 307821 | |
| 583 | |a last modification |c 19901019 00:00:00 |k Rodrigo Vera | ||
| 490 | 0 | |a Programa Padres e Hijos 0-4 años | |
| 999 | |c 218506 |d 218504 | ||
| 952 | |0 0 |1 0 |4 0 |6 371_302813000000000_MAN_1987 |7 0 |8 P |9 208181 |a BIBEDU |b BIBEDU |c BIBEDU_PB |d 2019-11-15 |i 2761068 |o 371.302813 MAN 1987 |p 2761068 |r 2024-01-25 |w 2019-11-15 |y BK |k EDU | ||